World's Largest Political Parties - Statistics

General Stats
  • This quiz has been taken 112 times
  • The average score is 15 of 50
Answer Stats
Members Country Party % Correct
35,732,180 United States Republican Party
97%
48,019,985 United States Democratic Party
95%
4,065,408 South Korea Democratic Party of Korea
95%
~95.148 million China Chinese Communist Party
90%
~670,000 Cuba Communist Party of Cuba
90%
910,624 India Communist Party of India (Marxist)
90%
~600,000 Nepal Communist Party of Nepal (Unified Marxist-Leninist)
90%
~5.2 million Vietnam Communist Party of Vietnam
90%
761,699 Brazil Liberal Party
56%
~18 million India Indian National Congress
55%
635,944 Brazil Brazilian Socialist Party
49%
~180 million India Indian People's Party
45%
~600,000 Austria Austrian People's Party
40%
1,607,382 Brazil Workers' Party
40%
~6.5 million North Korea Workers' Party of North Korea
40%
1,075,823 Brazil Brazilian Labour Party
39%
~6 million Cambodia Cambodian People's Party
39%
609,234 United States Libertarian Party
39%
1,090,000 Taiwan Nationalist Party
33%
~769,000 South Africa African National Congress
32%
2,073,772 Russia United Russia
32%
1,086,298 Japan Liberal Democratic Party
30%
~1.2 million Syria Arab Socialist Ba'ath Party - Syria Region
28%
11,064,747 Turkey Justice and Development Party
24%
3,818,678 Argentina Justicialist Party
19%
1,587,242 Mexico Institutional Revolutionary Party
14%
~750,000 Serbia Serbian Progressive Party
14%
~8.4 million Tanzania Party of the Revolution
11%
1,312,891 Turkey Republican People's Party
10%
7,632,606 Venezuela United Socialist Party of Venezuela
10%
1,989,416 Paraguay Colorado Party
9%
~16.9 million Pakistan Pakistan Movement for Justice
9%
~2.128 million Brazil Brazilian Democratic Movement
8%
1,354,901 Brazil Brazilian Social Democracy Party
8%
~10.05 million India Common Man's Party
6%
1,250,034 Mexico Party of the Democratic Revolution
6%
3,475,372 South Korea People Power Party
6%
~1 million Algeria National Liberation Front
4%
~2.7 million Angola People's Movement for the Liberation of Angola
4%
1,992,472 Argentina Radical Civic Union
4%
1,152,363 Brazil Democratic Labour Party
3%
760,580 Azerbaijan New Azerbaijan Party
3%
~540,000 France Unsubmissive France
3%
~850,000 Kazakhstan Ancestral Will
2%
852,711 Nepal Nepali Congress
2%
1,321,963 Brazil Progressives
2%
3,359,368 Malaysia United Malays National Organisation
2%
~11 million India All India Anna Dravidian Progressive Federation
1%
1,085,418 Brazil Brazil Union
1%
1,107,687 Paraguay Authenic Radical Liberal Party
0%
No matching quizzes found
Score Distribution
Percent of People with Each Score
Percentile by Number Answered
Your Score History
You have not taken this quiz